MARC

LEADER 00000nam0a2200000 4500
001 350774
005 20231102010333.0
035 |a (RuTPU)RU\TPU\retro\5064 
090 |a 350774 
100 |a 20190228d1970 k y0rusy50 ca 
101 0 |a rus 
102 |a RU 
105 |a y z 001zy 
200 1 |a Научная организация самостоятельной работы студентов  |f Б. Г. Иоганзен  |g Ленинградский государственный университет (ЛГУ) 
210 |a Томск  |c Изд-во Томского ун-та  |d 1970 
215 |a 40 с. 
225 1 |a В помощь преподавателю 
316 |5 63413507: КР-6125  |a На форзаце дарственная надпись : "Дорогому Александру Акимовичу Воробьеву от автора 18.03.1971" 
317 |5 63413507: КР-6125  |a Поступил в НТБ в 1987 г. в дар от вдовы ученого Е. К. Завадовской 
320 |a Библиогр.: с. 37-39 
606 1 |a Самостоятельная работа учащихся  |x В Вузе  |2 stltpush  |3 (RuTPU)RU\TPU\subj\53766  |9 71931 
610 1 |a высшее образование 
610 1 |a студенты 
610 1 |a самостоятельные работы 
610 1 |a учебная работа 
610 1 |a научная работа 
610 1 |a обучение 
610 1 |a преподаватели 
610 1 |a библиотека А. А. Воробьева 
686 |a Ч481.267  |v LBC/SL-A  |2 rubbk 
700 1 |a Иоганзен  |b Б. Г. 
712 0 2 |a Ленинградский государственный университет (ЛГУ)  |c (1924-1991)  |2 stltpush  |3 (RuTPU)RU\TPU\col\77 
801 1 |a RU  |b 63413507  |c 20190228 
801 2 |a RU  |b 63413507  |c 20190429  |g RCR 
942 |c BK